Kadra Polski na Mundial 2018 - Statystyki

Ogólne statystyki
  • Ten quiz został rozwiązany 3 414 razy
  • Średni wynik to 17 z 23
Statystyki odpowiedzi
Pozycja Imię i nazwisko % Poprawnych
Bramkarz Wojciech Szczęsny
100%
Bramkarz Łukasz Fabiański
98%
Napastnik Robert Lewandowski
98%
Napastnik Arkadiusz Milik
96%
Obrońca Kamil Glik
95%
Pomocnik Grzegorz Krychowiak
91%
Pomocnik Piotr Zieliński
87%
Pomocnik Jakub Błaszczykowski
85%
Pomocnik Kamil Grosicki
83%
Obrońca Łukasz Piszczek
83%
Obrońca Michał Pazdan
83%
Obrońca Jan Bednarek
81%
Obrońca Thiago Cionek
71%
Obrońca Artur Jędrzejczyk
69%
Obrońca Bartosz Bereszyński
69%
Pomocnik Maciej Rybus
66%
Napastnik Dawid Kownacki
60%
Pomocnik Karol Linetty
60%
Napastnik Łukasz Teodorczyk
57%
Bramkarz Bartosz Białkowski
46%
Pomocnik Jacek Góralski
44%
Pomocnik Sławomir Peszko
44%
Pomocnik Rafał Kurzawa
35%
Nie znaleziono quizów pasujących do podanych kryteriów
Rozkład punktacji
Procent ludzi z każdym wynikiem
Percentyl według liczby udzielonych odpowiedzi
Twoja historia wyników
Nie rozwiązałeś tego quizu